000 02453cam a2200265 4500500
005 20251228060132.0
041 _afre
042 _adc
100 1 0 _aMazéas, Dominique
_eauthor
245 0 0 _aLa médiation danse parents-enfants autistes : un « chant-et-danse »… et regards
260 _c2023.
500 _a10
520 _aEn prenant appui sur le dispositif clinique et de recherche EtuDanse, cet article tente de préciser la place et la fonction d’un observateur dans un groupe à médiation danse avec de jeunes enfants autistes et leurs parents. Observer la danse d’enfants qui n’ont pas encore accès à des représentations corporelles et spatiales stables suscite un travail spécifique du regard. Il s’y déploie une réceptivité aux résonances émotionnelles et esthétiques qui apparaissent entre les mouvements des danseurs. Cette réceptivité aide en retour les participants à se représenter les expériences qu’ils traversent. L’observation de ce type de groupe révèle aussi combien les enfants observent eux-mêmes avant de danser. Elle aide à comprendre comment l’échange des regards est soutenu par la composition de traces de mouvements en chacun des partenaires du lien.
520 _aBased on the EtuDance clinical research project, this article attempts to clarify the place and function of an observer in a dance-mediated group with young autistic children and their parents. Observing the dance of children who do not yet have access to stable bodily and spatial representations gives rise to specific work on the gaze. They are receptive to the emotional and aesthetic resonances that appear between the dancers’ movements. This receptivity in turn helps the participants to represent the experiences they are going through. Observing this type of group also reveals the extent to which the children observe themselves before dancing. It helps us to understand how eye-contact is supported by the composition of movement traces in each of the partners in the link.
690 _aimmobilité attentive
690 _aObservation
690 _arésonances
690 _atraces
690 _aattentive immobility
690 _aObservation
690 _aresonance
690 _atraces
786 0 _nEnfances & Psy | 98 | 4 | 2023-12-07 | p. 113-124 | 1286-5559
856 4 1 _uhttps://shs.cairn.info/revue-enfances-et-psy-2023-4-page-113?lang=fr&redirect-ssocas=7080
999 _c1587041
_d1587041